000 00867nam a2200289 4500
001 0000013617
003 CO-CtgCURN
005 20250512165608.0
007 ta
008 160627s1991 000 0 eng d
020 _a9589028764
040 _aCO-CtgCURN
_bspa
_ccoctgcurn
082 0 _a343.03
_bG55D
100 1 _aGómez Otalora, Hernando.
245 1 0 _aDerecho y desarrollo /
_cHernando Gómez Otalora.
260 _aBogotá :
_bBanco de la Republica,
_c1991.
300 _a255 p.
336 _2rdacontent
337 _2rdamedia
_asin mediacion
_bn
338 _2rdacarrier
_avolumen
_bnc
490 1 _aColección bibliografica
650 1 4 _aDesarrollo economico.
651 0 _aColombia
_xPolítica economica.
908 _a160627
942 _cBK
_h343.03
_iG55D
_2ddc
_n0
999 _c19377
_d19377